Bishops' transcripts and marriage licenses, bonds and allegations : a guide to their location and indexes /

Bibliographic Details
Main Author: Gibson, Jeremy Sumner Wycherley
Format: Book
Language:English
Published: Baltimore : Genealogical Pub. Co., 1989
Edition:2nd ed., updated.
Subjects:

MARC

Tag First Indicator Second Indicator Subfields
LEADER 00000cam a2200000 a 4500
001 in00000925521
005 20150924200012.0
008 890614c19891988mdu 00010 eng d
010 |z 82082482  
020 |a 0806309954 (pbk.) 
035 |a (OCoLC)19869114 
035 |9 AEQ7370AM 
040 |a IGA  |c IGA  |d UtOrBLW 
043 |a e-uk---  |a e-ie--- 
049 |a TXAM 
082 0 4 |a 929.10942  |b G449B, 1989 
090 |a Z5313.G7  |b E54 1989 
100 1 |a Gibson, Jeremy Sumner Wycherley. 
245 1 0 |a Bishops' transcripts and marriage licenses, bonds and allegations :  |b a guide to their location and indexes /  |c compiled by Jeremy Gibson. 
250 |a 2nd ed., updated. 
264 1 |a Baltimore :  |b Genealogical Pub. Co.,  |c 1989 
264 4 |c ©1988 
300 |a 32 pages ;  |c 22 cm. 
336 |a text  |b txt  |2 rdacontent 
337 |a unmediated  |b n  |2 rdamedia 
338 |a volume  |b nc  |2 rdacarrier 
500 |a Revised edition of: A simplified guide to bishops' transcripts and marriage licenses. 2nd edition 1982. 
651 0 |a Great Britain  |v Genealogy  |x Archival resources  |z Great Britain. 
651 0 |a Ireland  |v Genealogy  |x Archival resources  |z Ireland. 
650 0 |a Marriage records  |z Great Britain  |x Handbooks, manuals, etc. 
650 0 |a Marriage records  |z Ireland  |x Handbooks, manuals, etc. 
650 0 |a Church records and registers  |z Great Britain  |x Handbooks, manuals, etc. 
650 0 |a Church records and registers  |z Ireland  |x Handbooks, manuals, etc. 
650 0 |a Archives  |z Great Britain  |v Directories. 
650 0 |a Archives  |z Ireland  |x Directories. 
700 1 |a Gibson, Jeremy Sumner Wycherley.  |t Simplified guide to bishops' transcripts and marriage licenses. 
999 |a MARS 
999 f f |s 4404a37d-8f9a-33e3-942a-313c9c7653ea  |i 39df7956-a633-397e-a113-c2240b888500  |t 0 
952 f f |p ric  |a Texas A&M University  |b Rellis Campus  |c Joint Library Facility  |d Remote Storage  |t 0  |e Z5313.G7 E54 1989  |h Library of Congress classification  |i unmediated -- volume  |m A14814027469 
998 f f |a Z5313.G7 E54 1989  |t 0  |l Remote Storage